000 00632nam a2200241Ia 4500
003 OSt
005 20220918192559.0
006 a|||||r|||| 00| 0
007 ta
008 220917b |||||||| |||| 00| 0 eng d
024 _a69,163
037 _cTextual
040 _aARTS
_cARTS
_beng
041 _2eng
_aeng
082 _aQ4v2:D, J7;L8
100 _aDutt Sukumar
245 0 _aBuddha and five after-centuries
260 _aCalcutta
_bSahitya Samsad
_c1978
300 _axxvi,259p. illus
_ccm.
650 _aRELIGION
942 _hQ4v2:D, J7;L8
_cTEXL
_2CC
999 _c195326
_d195326